Famous Doctors Quiz Stats

 Plays Quiz Updated Oct 31, 2018

Also try: TV By Doctor
Challenge
Share
Tweet
Score 0/40 Timer 10:00
4 Plays Today
Row Doctor % Correct
Row 1 AcrossDr. Gregory House
95.5%
Row 3 AcrossDr. Phil McGraw
84%
Row 1 AcrossDr. Evil
79.5%
Row 4 AcrossDr. Martin Luther King Jr.
77.9%
Row 1 AcrossDr. 'J' Julius Erving
75.1%
Row 4 AcrossDr. Dolittle
69.4%
Row 2 AcrossDr. Dre
67.6%
Row 1 AcrossDr. Doogie Howser
67.6%
Row 1 AcrossDr. Seuss
55.5%
Row 2 AcrossDr. Michaela Quinn
53.3%
Row 5 AcrossDr. Benjamin Spock
53.3%
Row 3 AcrossDr. Hannibal Lecter
52.6%
Row 5 AcrossDr. Frederick Frankenstein
50.5%
Row 2 AcrossDr. Martens
50%
Row 2 AcrossDr. Octopus
48%
Row 5 AcrossDr. Dana Scully
46.7%
Row 4 AcrossDr. 'Hawkeye' Pierce
44.2%
Row 5 AcrossDr. Jack Kevorkian
43.5%
Row 4 AcrossDr. Sheldon Cooper
42.8%
Row 4 AcrossDr. Scholl's
42.3%
Row Doctor % Correct
Row 4 AcrossDr. Ruth Westheimer
42.2%
Row 5 AcrossDr. Leonard McCoy
40.4%
Row 3 AcrossDr. Strangelove
37.2%
Row 3 AcrossDr. Doom
36.9%
Row 3 AcrossDr Pepper
36.6%
Row 5 AcrossDr. No
34.5%
Row 3 AcrossDr. Zhivago
34%
Row 1 AcrossDr. Jekyll
30.7%
Row 3 AcrossDr. Quincy
30.2%
Row 2 AcrossDr. Jack Shephard
29.7%
Row 4 AcrossThe Doctor
27.6%
Row 2 AcrossDr. Frank-N-Furter
23.3%
Row 3 AcrossDr. John Carter
22.1%
Row 1 AcrossDr. Bunsen Honeydew
20%
Row 2 AcrossDr. James Kildare
19.9%
Row 5 AcrossDr. Claw
18.3%
Row 2 AcrossDr. David Livingstone
14.9%
Row 1 AcrossDr. Jonas Salk
13.3%
Row 4 AcrossDr. Abbey Bartlet
10%
Row 5 AcrossDr. Denton's
6.9%

You're not logged in!

Compare scores with friends on all Sporcle quizzes.
OR
Log In

You Might Also Like...

Show Comments

Extras

Top Quizzes Today


Score Distribution

Your Account Isn't Verified!

In order to create a playlist on Sporcle, you need to verify the email address you used during registration. Go to your Sporcle Settings to finish the process.

Report this User

Report this user for behavior that violates our Community Guidelines.

Details: